LIBRARY & INFORMATION CENTRE, KCAET, TAVANUR

ONLINE PUBLIC ACCESS CATALOGUE (OPAC)

Unit operations in chemical engineering (Record no. 11347)

MARC details
000 -LEADER
fixed length control field 00268cam a2200121ua 4500
082 ## - DEWEY DECIMAL CLASSIFICATION NUMBER
Classification number 660.2842
Item number MCC/UN
100 ## - MAIN ENTRY--AUTHOR NAME
Personal name McCabe, Warren L.
245 ## - TITLE STATEMENT
Title Unit operations in chemical engineering
250 ## - EDITION STATEMENT
Edition statement 4 /
300 ## - PHYSICAL DESCRIPTION
Number of Pages ; .

No items available.

free website counter